Consideraciones sobre el regadío en Chile y recomendaciones para promover su desarrollo
Wedi'i Gadw mewn:
| Prif Awduron: | , , |
|---|---|
| Awdur Corfforaethol: | |
| Fformat: | Llyfr |
| Iaith: | Sbaeneg |
| Cyhoeddwyd: |
Santiago
Instituto de Ingenieros de Chile
1987
|
| Pynciau: | |
| Tagiau: |
Ychwanegu Tag
Dim Tagiau, Byddwch y cyntaf i dagio'r cofnod hwn!
|
MARC
| LEADER | 00000nam a2200000 a 4500 | ||
|---|---|---|---|
| 001 | UCV7311 | ||
| 003 | CL-VaPUC | ||
| 008 | 910730e19870000CL |||||||||||||||||spa|d | ||
| 082 | 0 | 4 | |a 631.70983 |b FIG |2 21 |
| 100 | 0 | |a Figueroa, Eduardo |e author |9 301386 | |
| 700 | 0 | |a Sáez, Raúl |e author |9 301387 | |
| 700 | 0 | |a Schneider, Jorge |e author |9 301388 | |
| 110 | 2 | |a Instituto de Ingenieros de Chile |e author |9 301389 | |
| 245 | 1 | 0 | |a Consideraciones sobre el regadío en Chile y recomendaciones para promover su desarrollo |
| 300 | |a 162 p | ||
| 942 | |c BK | ||
| 945 | |d 19910730 00:00:00 | ||
| 260 | |a Santiago |b Instituto de Ingenieros de Chile |c 1987 | ||
| 650 | 0 | |a Riego |9 259685 | |
| 651 | 7 | |a CHILE |2 CL-VaPUC |9 301390 | |
| 583 | |a last modification |c 19910730 00:00:00 |k Rodrigo Vera | ||
| 999 | |c 213010 |d 213008 | ||